000 00596nam a2200241Ia 4500
003 OSt
005 20220924153625.0
006 a|||||r|||| 00| 0
007 ta
008 220923b |||||||| |||| 00| 0 tam d
024 _a351031
037 _cTextual
040 _aARTS
_cARTS
_btam
041 _2tam
_atam
082 _aQ7(Y15):414, P5
100 _aNevin Reta Au.
_9229408
245 0 _aPallivasalil pengal
260 _c2005
300 _a40p.
_ccm.
650 _aRELIGION
942 _hQ7(Y15):414, P5
_cTEXL
_2CC
999 _c474284
_d474284